| 000 | 00601nam a22001937a 4500 | ||
|---|---|---|---|
| 005 | 20260604162132.0 | ||
| 010 | _aENG-148764 | ||
| 020 |
_a9788119403349 _c850.00 |
||
| 035 | _aEN-132296 | ||
| 037 | _bDBAD | ||
| 082 | _a347.4 | ||
| 100 | _aMulla, Dinshaw Fardunji | ||
| 245 |
_aThe Sale of Goods Act and The Indian Partnership Act/ _cDinshaw Fardunji Mulla |
||
| 250 | _a12 | ||
| 260 |
_aGurgaon _bLexis Nexis _c2024 |
||
| 270 |
_a14th Floor, Building No.10, Tower-B, DLF Cyber City, Phase-II _bGurgaon _e122002 |
||
| 300 |
_a452p. _c24cm(pb) |
||
| 942 |
_2ddc _cEN _mMUL _h347.4 |
||
| 999 |
_c216514 _d216514 |
||